Normal view
MARC view
Entry Personal Name
001 - CONTROL NUMBER
- control field: 59202
003 - CONTROL NUMBER IDENTIFIER
- control field: dpl
005 - DATE AND TIME OF LATEST TRANSACTION
- control field: 20231129143341.0
008 - FIXED-LENGTH DATA ELEMENTS
- fixed length control field: 231129|| aca||aabn | a|a d
040 ## - CATALOGING SOURCE
- Original cataloging agency: dpl
- Transcribing agency: dpl
100 ## - HEADING--PERSONAL NAME
- Personal name: Kottary, Advait
670 ## - SOURCE DATA FOUND
- Source citation: Work cat.: (dpl)199311: Kottary, Advait, Siddhartha/, 2023
